000 00738 a2200205 4500
999 _c2067
_d2067
020 _a9781526423382
020 _a9781526423399
050 0 0 _aLB1025.3 BRU 2018
100 1 _aDe Bryuckere, Pedro
_eauthor.
245 1 4 _aThe ingredients for great teaching /
_cPedro de Bruyckere ; foreword by Daniel T. Willingham.
264 1 _aLos Angeles :
_bSAGE,
_c2018.
300 _axviii, 156 pages :
_billustrations.
500 _aIncludes index
504 _aIncludes bibliographical references (pages 139-152) and index.
650 0 _aTeaching.
650 7 _aTeaching.
700 1 _aWillingham, Daniel T.,
_ewriter of preface.
942 _2lcc
_cBK
_h1025.3
_iBRU
_kLB